Clash Royale for Dummies - Statistics

General Stats
  • This quiz has been taken 351 times
  • The average score is 10 of 12
Answer Stats
Question Answer % Correct
What is Elixir? A resource you generate mid-game to deploy Cards.
97%
Who made the game Clash Royale? Supercell
94%
Logic - Why should you not use Spells on the enemy's main Crown Tower? The main Crown Tower gets activated.
94%
Logic - Which of these is More Expensive?
93%
What are the two secondary Crown Towers in Clash Royale? Princess Towers
93%
Strategy - The opponent has placed the Skeleton Army to attack your Crown Tower. You have these 4 cards in your current cycle, which one do you place down? Wizard
93%
What is the primary Crown Tower in Clash Royale? King Tower
91%
Strategy - The opponent places down Minion Horde, which Spell would you use? Arrows
89%
How does a Match end? (All of the Above)
83%
What is the highest Damage-Dealing card in Training Camp? Mini P.E.K.K.A
79%
What are Buildings? A type of stationary card that you place down.
64%
How long is a typical Match? (Excluding Sudden Death) 3 Minutes
55%
No matching quizzes found
Score Distribution
Percent of People with Each Score
Percentile by Number Answered
Your Score History
You have not taken this quiz